[Event "15th International Khazar Cup (Masters) 2017"]
[Site "Rasht,Guilan,Iran"]
[Date "2017.01.22"]
[Round "3"]
[Board "1"]
[White "Alavi, Sayed Javad"]
[Black "Sargissian, Gabriel"]
[Result "1/2-1/2"]
[WhiteElo "2453"]
[BlackElo "2667"]
[PlyCount "0"]
[EventDate "2017.01.20"]
[EventRounds "9"]
[EventCountry "IRI"]

1. d4 {[%clk 1:30:02]} d5 {[%clk 1:30:45]} 2. c4 {[%clk 1:29:59]} c6
{[%clk 1:31:09]} 3. Nf3 {[%clk 1:27:57]} Nf6 {[%clk 1:31:22]} 4. e3
{[%clk 1:26:10]} Bf5 {[%clk 1:31:32]} 5. Nc3 {[%clk 1:26:34]} e6 {[%clk 1:31:55]}
6. Nh4 {[%clk 1:26:23]} Be4 {[%clk 1:32:15]} 7. f3 {[%clk 1:26:20]} Bg6
{[%clk 1:32:37]} 8. Qb3 {[%clk 1:26:28]} Qc7 {[%clk 1:32:47]} 9. Bd2
{[%clk 1:25:21]} Be7 {[%clk 1:32:52]} 10. Rc1 {[%clk 1:20:36]} dxc4
{[%clk 1:28:27]} 11. Bxc4 {[%clk 1:08:01]} Nbd7 12. Nxg6 {[%clk 0:58:42]} hxg6
{[%clk 1:28:38]} 13. g3 {[%clk 0:59:05]} O-O {[%clk 1:28:50]} 14. Kf2
{[%clk 0:59:11]} e5 {[%clk 1:27:43]} 15. Rhd1 {[%clk 0:44:04]} Rad8
{[%clk 1:19:17]} 16. Qc2 {[%clk 0:44:04]} exd4 {[%clk 1:16:10]} 17. exd4
{[%clk 0:44:16]} Nb6 {[%clk 1:16:28]} 18. Bb3 {[%clk 0:44:31]} Nbd5
{[%clk 1:05:18]} 19. Ne4 {[%clk 0:43:06]} Qb6 {[%clk 1:02:21]} 20. Nc5
{[%clk 0:40:27]} Rfe8 {[%clk 0:50:35]} 21. Qc4 {[%clk 0:30:20]} Qc7
{[%clk 0:42:31]} 22. Ne4 {[%clk 0:26:24]} Bf8 {[%clk 0:41:17]} 23. Ng5
{[%clk 0:24:39]} Nh7 {[%clk 0:38:12]} 24. Ne4 {[%clk 0:23:10]} Nhf6
{[%clk 0:37:14]} 25. Ng5 {[%clk 0:23:38]} Qd7 {[%clk 0:37:23]} 26. Re1
{[%clk 0:18:39]} Nh7 {[%clk 0:35:41]} 27. Nxh7 {[%clk 0:16:45]} Kxh7
{[%clk 0:35:55]} 28. Rxe8 {[%clk 0:16:27]} Rxe8 {[%clk 0:35:58]} 29. Re1
{[%clk 0:16:30]} Rxe1 {[%clk 0:33:32]} 30. Bxe1 {[%clk 0:16:18]} Be7
{[%clk 0:31:53]} 31. Qd3 {[%clk 0:12:01]} Bf6 {[%clk 0:28:27]} 32. Bc3
{[%clk 0:08:14]} Nc7 {[%clk 0:26:52]} 33. Qe4 {[%clk 0:03:35]} Nd5
{[%clk 0:21:40]} 34. Kg2 {[%clk 0:02:51]} Kg8 {[%clk 0:21:05]} 35. Bxd5
{[%clk 0:01:52]} cxd5 {[%clk 0:20:00]} 36. Qe3 {[%clk 0:02:13]} g5
{[%clk 0:19:07]} 37. Qe2 {[%clk 0:01:18]} g6 {[%clk 0:19:14]} 38. a3
{[%clk 0:01:44]} Kg7 {[%clk 0:19:21]} 39. Kg1 {[%clk 0:01:47]} Qa4
{[%clk 0:19:30]} 40. Qd2 {[%clk 0:01:47]} Qc4 {[%clk 0:19:13]} 41. Kg2
{[%clk 0:01:56]} b5 {[%clk 0:16:54]} 42. Qe3 {[%clk 0:01:45]} Qc8
{[%clk 0:16:52]} 43. Qe2 {[%clk 0:02:06]} a6 {[%clk 0:17:06]} 44. Kg1
{[%clk 0:01:09]} Qc4 {[%clk 0:17:03]} 45. Qd2 {[%clk 0:01:18]} Qc8
{[%clk 0:16:29]} 46. Qe2 {[%clk 0:01:42]} Qf5 {[%clk 0:16:52]} 47. Kg2
{[%clk 0:02:08]} Qb1 {[%clk 0:16:48]} 48. Qd2 {[%clk 0:02:25]} Qf5
{[%clk 0:13:45]} 49. Qe2 {[%clk 0:02:54]} Qc8 {[%clk 0:13:43]} 50. Kg1
{[%clk 0:02:52]} Qh3 {[%clk 0:13:41]} 51. Kh1 {[%clk 0:02:19]} Be7
{[%clk 0:12:07]} 52. Qe5+ {[%clk 0:02:24]} Bf6 {[%clk 0:12:33]} 53. Qe2
{[%clk 0:02:53]} Qd7 {[%clk 0:12:57]} 54. Kg1 {[%clk 0:02:47]} Bd8
{[%clk 0:12:47]} 55. Bb4 {[%clk 0:02:25]} f6 {[%clk 0:12:27]} 56. Bc5
{[%clk 0:02:00]} Kf7 {[%clk 0:13:19]} 57. Kg2 {[%clk 0:02:04]} Bc7
{[%clk 0:13:29]} 58. Kg1 {[%clk 0:02:21]} f5 {[%clk 0:12:38]} 59. Kg2
{[%clk 0:02:32]} g4 {[%clk 0:12:35]} 60. f4 {[%clk 0:01:46]} Qe6 {[%clk 0:12:50]}
61. Qxe6+ {[%clk 0:02:04]} Kxe6 {[%clk 0:13:16]} 62. h4 {[%clk 0:01:28]} gxh3+
{[%clk 0:13:34]} 63. Kxh3 {[%clk 0:01:51]} a5 {[%clk 0:11:46]} 64. Kg2
{[%clk 0:01:30]} Kf6 {[%clk 0:11:24]} 65. Kf3 {[%clk 0:01:53]} g5
{[%clk 0:11:18]} 66. fxg5+ {[%clk 0:01:34]} Kxg5 {[%clk 0:11:44]} 67. Be7+
{[%clk 0:01:51]} Kh5 {[%clk 0:12:01]} 68. b3 {[%clk 0:00:50]} a4 {[%clk 0:11:34]}
69. bxa4 {[%clk 0:01:13]} bxa4 {[%clk 0:11:58]} 70. Bb4 {[%clk 0:01:04]} Kg6
{[%clk 0:12:01]} 71. g4 {[%clk 0:01:04]} Kf6 {[%clk 0:12:12]} 72. gxf5
{[%clk 0:01:11]} Kxf5 {[%clk 0:12:37]} 73. Ke3 {[%clk 0:01:38]} Kg4
{[%clk 0:12:38]} 74. Kd3 {[%clk 0:01:40]} Kf3 {[%clk 0:12:59]} 75. Be7
{[%clk 0:01:43]} Bg3 {[%clk 0:12:38]} 76. Bc5 {[%clk 0:01:18]} Be1
{[%clk 0:12:47]} 77. Bb4 {[%clk 0:00:55]} Bg3 {[%clk 0:12:59]} 78. Bc5
{[%clk 0:01:21]} Ke4+ 79. Kxe4 1/2-1/2

[Event "15th International Khazar Cup (Masters) 2017"]
[Site "Rasht,Guilan,Iran"]
[Date "2017.01.22"]
[Round "3"]
[Board "3"]
[White "Gholami, Aryan"]
[Black "Lupulescu, Constantin"]
[Result "1/2-1/2"]
[WhiteElo "2426"]
[BlackElo "2625"]
[PlyCount "0"]
[EventDate "2017.01.20"]
[EventRounds "9"]
[EventCountry "IRI"]

1. e4 {[%clk 1:30:57]} c5 {[%clk 1:30:57]} 2. Nf3 {[%clk 1:31:20]} d6
{[%clk 1:31:24]} 3. c3 {[%clk 1:31:42]} Nf6 {[%clk 1:31:44]} 4. Be2
{[%clk 1:31:53]} g6 {[%clk 1:32:08]} 5. O-O {[%clk 1:32:16]} Bg7 {[%clk 1:32:31]}
6. Bb5+ {[%clk 1:32:39]} Bd7 {[%clk 1:32:54]} 7. Bxd7+ {[%clk 1:33:01]} Qxd7
{[%clk 1:33:19]} 8. Re1 {[%clk 1:33:23]} O-O {[%clk 1:33:38]} 9. d4
{[%clk 1:33:42]} Na6 {[%clk 1:33:56]} 10. d5 {[%clk 1:29:04]} c4 {[%clk 1:33:18]}
11. b4 {[%clk 1:12:59]} cxb3 {[%clk 1:31:27]} 12. axb3 {[%clk 1:13:14]} Nc5
{[%clk 1:31:49]} 13. Qc2 {[%clk 1:09:22]} a5 {[%clk 1:31:59]} 14. Nbd2
{[%clk 1:07:21]} a4 15. b4 {[%clk 0:59:47]} Nb3 {[%clk 1:30:42]} 16. Nxb3
{[%clk 0:53:42]} axb3 {[%clk 1:30:57]} 17. Qb2 {[%clk 0:54:10]} Rxa1
{[%clk 1:28:52]} 18. Qxa1 {[%clk 0:54:11]} Rc8 {[%clk 1:16:17]} 19. Bd2
{[%clk 0:40:00]} Ng4 {[%clk 1:10:26]} 20. h3 {[%clk 0:20:47]} Ne5
{[%clk 1:10:34]} 21. Nxe5 {[%clk 0:21:15]} Bxe5 {[%clk 1:10:57]} 22. Rb1
{[%clk 0:21:23]} e6 {[%clk 1:01:03]} 23. Qb2 {[%clk 0:15:37]} exd5
{[%clk 0:57:30]} 24. exd5 {[%clk 0:16:04]} Qf5 {[%clk 0:47:03]} 25. Qxb3
{[%clk 0:15:48]} Bxc3 {[%clk 0:47:17]} 26. Bxc3 {[%clk 0:15:40]} Rxc3
{[%clk 0:46:19]} 27. Qxc3 {[%clk 0:16:02]} Qxb1+ {[%clk 0:46:46]} 28. Kh2
{[%clk 0:16:30]} Qf5 {[%clk 0:46:31]} 29. Qc4 {[%clk 0:14:52]} Kg7
{[%clk 0:45:58]} 30. Qb5 {[%clk 0:14:31]} Qf4+ {[%clk 0:43:51]} 1/2-1/2

[Event "15th International Khazar Cup (Masters) 2017"]
[Site "Rasht,Guilan,Iran"]
[Date "2017.01.22"]
[Round "3"]
[Board "4"]
[White "Zubov, Alexander"]
[Black "Tahbaz, Arash"]
[Result "1-0"]
[WhiteElo "2606"]
[BlackElo "2414"]
[PlyCount "0"]
[EventDate "2017.01.20"]
[EventRounds "9"]
[EventCountry "IRI"]

1. d4 {[%clk 1:30:57]} Nf6 {[%clk 1:27:42]} 2. g3 {[%clk 1:31:17]} e6
{[%clk 1:28:01]} 3. c4 {[%clk 1:31:27]} d5 {[%clk 1:28:23]} 4. Nf3
{[%clk 1:31:35]} Be7 {[%clk 1:28:49]} 5. Bg2 {[%clk 1:31:58]} O-O
{[%clk 1:29:13]} 6. Qc2 {[%clk 1:32:21]} dxc4 {[%clk 1:27:18]} 7. Qxc4
{[%clk 1:32:35]} a6 {[%clk 1:26:08]} 8. Ne5 {[%clk 1:28:51]} b5 {[%clk 1:13:48]}
9. Qc2 {[%clk 1:28:55]} Ra7 {[%clk 1:13:12]} 10. O-O {[%clk 1:28:12]} Bb7 11.
Bxb7 {[%clk 1:05:41]} Rxb7 {[%clk 1:09:26]} 12. Rd1 {[%clk 1:06:08]} Qc8
{[%clk 1:05:32]} 13. a4 {[%clk 0:54:44]} c5 {[%clk 1:03:05]} 14. axb5
{[%clk 0:55:08]} axb5 {[%clk 0:58:15]} 15. dxc5 {[%clk 0:45:35]} Bxc5
{[%clk 0:57:58]} 16. Na3 {[%clk 0:45:42]} Ra7 {[%clk 0:55:18]} 17. Qd3
{[%clk 0:32:55]} b4 {[%clk 0:51:29]} 18. Nc2 {[%clk 0:33:07]} Rxa1
{[%clk 0:51:50]} 19. Nxa1 {[%clk 0:33:35]} Bxf2+ {[%clk 0:52:11]} 20. Kxf2
{[%clk 0:33:53]} Qc5+ {[%clk 0:52:41]} 21. Qd4 {[%clk 0:33:46]} Qxe5
{[%clk 0:53:09]} 22. Qxe5 {[%clk 0:30:27]} Ng4+ {[%clk 0:53:36]} 23. Ke1
{[%clk 0:30:31]} Nxe5 {[%clk 0:54:04]} 24. Bf4 {[%clk 0:30:42]} Nbc6
{[%clk 0:52:46]} 25. Bxe5 {[%clk 0:31:06]} Nxe5 {[%clk 0:53:14]} 26. Rd4
{[%clk 0:31:24]} Rb8 {[%clk 0:51:01]} 27. Nc2 {[%clk 0:31:43]} b3
{[%clk 0:50:41]} 28. Nb4 {[%clk 0:31:11]} Rc8 {[%clk 0:47:41]} 29. Nd3
{[%clk 0:31:37]} Nc4 {[%clk 0:45:10]} 30. Rd7 {[%clk 0:32:00]} e5
{[%clk 0:42:49]} 31. Rb7 {[%clk 0:32:10]} e4 {[%clk 0:41:33]} 32. Nc5
{[%clk 0:31:48]} f5 {[%clk 0:12:41]} 33. Nxb3 {[%clk 0:24:02]} Nxb2
{[%clk 0:11:38]} 34. Nd4 {[%clk 0:23:49]} e3 {[%clk 0:12:06]} 35. Kf1
{[%clk 0:24:05]} Nc4 {[%clk 0:11:08]} 36. Nxf5 {[%clk 0:20:38]} Rf8
{[%clk 0:02:37]} 37. Rxg7+ {[%clk 0:21:02]} Kh8 {[%clk 0:03:06]} 38. Rg5
{[%clk 0:21:22]} Nd6 {[%clk 0:02:15]} 39. g4 {[%clk 0:21:42]} Ne4
{[%clk 0:02:35]} 40. Rh5 {[%clk 0:22:05]} Nf6 {[%clk 0:02:28]} 41. Rh4
{[%clk 0:22:28]} Nxg4 {[%clk 0:01:47]} 42. Rxg4 {[%clk 0:22:51]} Rxf5+
{[%clk 0:02:16]} 43. Kg1 {[%clk 0:23:08]} Re5 {[%clk 0:01:13]} 44. Rg3
{[%clk 0:23:27]} h5 {[%clk 0:01:26]} 45. Kg2 {[%clk 0:23:48]} Kh7
{[%clk 0:01:41]} 46. Kf3 {[%clk 0:24:11]} Kh6 {[%clk 0:01:26]} 47. Kf4
{[%clk 0:24:31]} Re8 {[%clk 0:01:35]} 48. Rxe3 {[%clk 0:19:13]} Rf8+
{[%clk 0:01:21]} 49. Kg3 {[%clk 0:18:21]} Rg8+ {[%clk 0:01:21]} 50. Kf2
{[%clk 0:18:44]} Rf8+ {[%clk 0:01:04]} 51. Rf3 {[%clk 0:18:46]} Re8
{[%clk 0:01:25]} 52. Rf4 {[%clk 0:17:42]} Kg5 {[%clk 0:01:22]} 53. Kf3
{[%clk 0:18:03]} Ra8 {[%clk 0:00:56]} 54. h4+ {[%clk 0:17:29]} Kg6
{[%clk 0:01:25]} 55. Re4 {[%clk 0:17:21]} Kf5 {[%clk 0:01:13]} 56. Rb4
{[%clk 0:17:49]} Ra3+ {[%clk 0:01:01]} 57. e3 {[%clk 0:18:15]} Ra5
{[%clk 0:01:15]} 58. Rb8 {[%clk 0:13:36]} Ra1 {[%clk 0:00:51]} 59. Rg8
{[%clk 0:11:05]} Rf1+ {[%clk 0:01:20]} 60. Kg2 {[%clk 0:11:27]} Ra1
{[%clk 0:01:04]} 61. Kf2 {[%clk 0:09:42]} Ke4 {[%clk 0:01:33]} 62. Rg5
{[%clk 0:09:13]} Ra3 {[%clk 0:00:38]} 63. Rb5 {[%clk 0:09:01]} Ra2+
{[%clk 0:00:49]} 64. Kg3 {[%clk 0:09:26]} Kxe3 {[%clk 0:01:04]} 65. Re5+
{[%clk 0:09:47]} Kd4 {[%clk 0:01:34]} 66. Rxh5 {[%clk 0:10:09]} Ke4
{[%clk 0:01:47]} 67. Rb5 {[%clk 0:10:36]} Ra1 {[%clk 0:01:40]} 68. Kg4
{[%clk 0:10:32]} Rg1+ {[%clk 0:02:00]} 69. Kh5 {[%clk 0:10:56]} Kf4
{[%clk 0:00:39]} 70. Kh6 {[%clk 0:10:42]} Rh1 {[%clk 0:01:08]} 71. h5
{[%clk 0:11:02]} Ra1 {[%clk 0:00:41]} 72. Rg5 {[%clk 0:09:15]} Ra8
{[%clk 0:00:32]} 73. Rg7 {[%clk 0:08:53]} Kf5 {[%clk 0:00:36]} 74. Rf7+
{[%clk 0:08:35]} Ke6 {[%clk 0:01:05]} 75. Kg7 {[%clk 0:09:02]} Ra1
{[%clk 0:00:32]} 76. Rf6+ {[%clk 0:09:23]} Ke7 {[%clk 0:00:34]} 77. h6
{[%clk 0:09:47]} Rh1 {[%clk 0:00:36]} 78. Rg6 {[%clk 0:10:08]} 1-0

[Event "15th International Khazar Cup (Masters) 2017"]
[Site "Rasht,Guilan,Iran"]
[Date "2017.01.22"]
[Round "3"]
[Board "5"]
[White "Sadeh, Shahin"]
[Black "Tarlev, Konstantin"]
[Result "0-1"]
[WhiteElo "2302"]
[BlackElo "2592"]
[PlyCount "0"]
[EventDate "2017.01.20"]
[EventRounds "9"]
[EventCountry "IRI"]

1. c4 {[%clk 1:30:58]} e5 {[%clk 1:29:42]} 2. Nc3 {[%clk 1:31:19]} Nf6
{[%clk 1:29:55]} 3. g3 {[%clk 1:31:42]} Bb4 {[%clk 1:19:41]} 4. Bg2
{[%clk 1:32:05]} O-O {[%clk 1:20:04]} 5. Nf3 {[%clk 1:32:18]} Re8
{[%clk 1:19:59]} 6. O-O {[%clk 1:32:25]} e4 {[%clk 1:19:06]} 7. Nd4
{[%clk 1:32:21]} Nc6 {[%clk 1:15:56]} 8. Nc2 {[%clk 1:32:43]} Bxc3
{[%clk 1:15:37]} 9. dxc3 {[%clk 1:32:05]} h6 {[%clk 1:06:57]} 10. b3
{[%clk 1:26:14]} d6 11. Ne3 Ne7 {[%clk 0:43:31]} 12. Nd5 {[%clk 1:21:54]} Ng6
{[%clk 0:41:35]} 13. Qd4 {[%clk 1:16:29]} Nxd5 {[%clk 0:41:27]} 14. cxd5
{[%clk 1:16:48]} Bf5 {[%clk 0:37:31]} 15. c4 {[%clk 0:55:50]} Qd7
{[%clk 0:36:46]} 16. Bb2 {[%clk 0:55:52]} f6 {[%clk 0:37:13]} 17. Rfe1
{[%clk 0:54:09]} Re7 {[%clk 0:36:07]} 18. Bc3 {[%clk 0:50:09]} a6
{[%clk 0:29:27]} 19. c5 {[%clk 0:38:55]} dxc5 {[%clk 0:27:24]} 20. Qxc5
{[%clk 0:39:20]} Rd8 {[%clk 0:16:24]} 21. Rad1 {[%clk 0:37:38]} Nh8
{[%clk 0:15:09]} 22. Qb4 {[%clk 0:34:52]} b5 {[%clk 0:15:29]} 23. Qa3
{[%clk 0:33:32]} Qe8 {[%clk 0:10:46]} 24. Qxa6 {[%clk 0:29:50]} Ra8
{[%clk 0:11:13]} 25. Qb7 {[%clk 0:30:10]} Nf7 {[%clk 0:04:19]} 26. Ra1
{[%clk 0:25:06]} c5 {[%clk 0:02:55]} 27. Qb6 {[%clk 0:23:38]} c4 {[%clk 0:02:41]}
28. bxc4 {[%clk 0:19:44]} bxc4 {[%clk 0:03:09]} 29. Red1 {[%clk 0:20:03]} Rea7
{[%clk 0:02:15]} 30. d6 {[%clk 0:14:15]} Rxa2 {[%clk 0:01:51]} 31. Rxa2
{[%clk 0:12:27]} Rxa2 {[%clk 0:02:18]} 32. Qc7 {[%clk 0:12:54]} e3
{[%clk 0:00:36]} 33. Qe7 {[%clk 0:04:13]} exf2+ {[%clk 0:00:44]} 34. Kxf2
{[%clk 0:04:32]} Nxd6 {[%clk 0:00:53]} 35. Bd5+ {[%clk 0:03:42]} Kh7
{[%clk 0:00:49]} 36. Qxe8 {[%clk 0:03:20]} Nxe8 {[%clk 0:01:16]} 37. Bxc4
{[%clk 0:03:48]} Rc2 {[%clk 0:01:37]} 38. Bd3 {[%clk 0:04:03]} Bxd3
{[%clk 0:02:00]} 39. Rxd3 {[%clk 0:04:29]} Nc7 {[%clk 0:02:20]} 40. Bb4
{[%clk 0:04:15]} Ne6 {[%clk 0:02:29]} 41. Rd6 {[%clk 0:04:16]} Ng5
{[%clk 0:02:23]} 42. Rd7 {[%clk 0:04:39]} Rc4 {[%clk 0:02:04]} 43. Rb7
{[%clk 0:03:36]} h5 {[%clk 0:02:03]} 44. Bf8 {[%clk 0:02:16]} Ne6
{[%clk 0:02:29]} 45. Ba3 {[%clk 0:02:38]} Kg6 {[%clk 0:02:03]} 46. h3
{[%clk 0:02:06]} h4 {[%clk 0:02:03]} 47. Bd6 {[%clk 0:01:07]} Ng5
{[%clk 0:01:29]} 48. Kg2 {[%clk 0:01:13]} Ne4 {[%clk 0:00:44]} 49. Bb8
{[%clk 0:00:40]} hxg3 {[%clk 0:00:57]} 50. Re7 {[%clk 0:00:41]} Nc3
{[%clk 0:00:40]} 51. Bxg3 {[%clk 0:00:57]} Nd5 {[%clk 0:01:08]} 52. Rd7
{[%clk 0:00:54]} Ne3+ {[%clk 0:01:26]} 53. Kf3 {[%clk 0:01:16]} Nf5
{[%clk 0:01:55]} 54. Bf2 {[%clk 0:01:16]} Ra4 {[%clk 0:01:16]} 55. Rb7
{[%clk 0:00:59]} Nd6 {[%clk 0:01:34]} 56. Re7 {[%clk 0:01:11]} Nf7
{[%clk 0:01:11]} 57. Bg3 {[%clk 0:01:18]} Ra3+ {[%clk 0:01:36]} 58. Kg2
{[%clk 0:01:35]} Nh6 {[%clk 0:02:01]} 59. Bd6 {[%clk 0:01:09]} Ra2
{[%clk 0:02:10]} 60. Bc5 {[%clk 0:00:58]} Nf5 {[%clk 0:02:15]} 61. Re8
{[%clk 0:01:19]} Kf7 {[%clk 0:02:20]} 62. Rf8+ {[%clk 0:01:16]} Kg6
{[%clk 0:02:45]} 63. Re8 {[%clk 0:01:41]} Rc2 {[%clk 0:02:27]} 64. Bf2
{[%clk 0:01:37]} Kf7 {[%clk 0:02:49]} 65. Re4 {[%clk 0:01:42]} Nd6
{[%clk 0:03:15]} 66. Rd4 {[%clk 0:01:44]} Ke6 {[%clk 0:03:21]} 67. Kf3
{[%clk 0:01:56]} Nf7 {[%clk 0:02:49]} 68. Be3 {[%clk 0:01:01]} Ne5+
{[%clk 0:02:31]} 69. Kf2 {[%clk 0:01:27]} Rc3 {[%clk 0:02:37]} 70. Re4
{[%clk 0:01:17]} g5 {[%clk 0:01:44]} 71. Ra4 {[%clk 0:01:00]} Kf5
{[%clk 0:02:04]} 72. Ra5 {[%clk 0:01:02]} Rb3 {[%clk 0:01:46]} 73. Rc5
{[%clk 0:00:56]} Ke4 {[%clk 0:01:32]} 74. Ra5 {[%clk 0:00:46]} Nc4
{[%clk 0:01:34]} 75. Ra4 {[%clk 0:01:08]} Kd5 {[%clk 0:02:02]} 76. Ba7
{[%clk 0:01:07]} Nd6 {[%clk 0:01:49]} 77. e3 {[%clk 0:00:43]} Rb1
{[%clk 0:01:29]} 78. Ra5+ {[%clk 0:00:42]} Ke6 {[%clk 0:00:57]} 79. Ra6
{[%clk 0:01:10]} Kd5 {[%clk 0:00:45]} 80. Ra5+

[Event "15th International Khazar Cup (Masters) 2017"]
[Site "Rasht,Guilan,Iran"]
[Date "2017.01.22"]
[Round "3"]
[Board "6"]
[White "Idani, Pouya"]
[Black "Valizadeh, Ali"]
[Result "1-0"]
[WhiteElo "2552"]
[BlackElo "2273"]
[PlyCount "0"]
[EventDate "2017.01.20"]
[EventRounds "9"]
[EventCountry "IRI"]

1. e4 {[%clk 1:21:52]} c5 {[%clk 1:30:47]} 2. Nf3 {[%clk 1:22:05]} d6
{[%clk 1:31:13]} 3. d4 {[%clk 1:22:22]} cxd4 {[%clk 1:31:41]} 4. Qxd4
{[%clk 1:22:47]} Nc6 {[%clk 1:31:42]} 5. Bb5 {[%clk 1:23:13]} a6 {[%clk 1:31:37]}
6. Bxc6+ {[%clk 1:23:31]} bxc6 {[%clk 1:32:04]} 7. O-O {[%clk 1:23:06]} e5
{[%clk 1:28:22]} 8. Qd3 {[%clk 1:22:48]} Nf6 {[%clk 1:28:48]} 9. c4
{[%clk 1:22:47]} Be7 {[%clk 1:29:10]} 10. Nc3 {[%clk 1:21:33]} O-O
{[%clk 1:29:12]} 11. c5 {[%clk 1:19:41]} Be6 {[%clk 1:19:00]} 12. cxd6 Qxd6
{[%clk 1:17:06]} 13. Qe2 {[%clk 1:11:20]} Nd7 {[%clk 1:05:34]} 14. b3
{[%clk 1:07:49]} f6 {[%clk 1:01:08]} 15. Be3 {[%clk 1:05:35]} Qb8
{[%clk 1:01:04]} 16. Rac1 {[%clk 1:03:23]} Rc8 {[%clk 1:01:08]} 17. Na4
{[%clk 1:01:28]} Qb5 {[%clk 1:00:31]} 18. Qc2 {[%clk 1:01:48]} Ba3
{[%clk 1:00:22]} 19. Rb1 {[%clk 1:01:17]} Rab8 {[%clk 0:41:52]} 20. Nd2
{[%clk 0:59:15]} c5 {[%clk 0:41:37]} 21. Nc3 {[%clk 0:58:01]} Qc6
{[%clk 0:30:23]} 22. Nd5 {[%clk 0:57:15]} c4 {[%clk 0:29:32]} 23. Nxc4
{[%clk 0:56:44]} Bf8 {[%clk 0:27:55]} 24. Qd2 {[%clk 0:53:56]} Nc5
{[%clk 0:27:48]} 25. f3 {[%clk 0:54:15]} Qb7 {[%clk 0:25:38]} 26. Rfd1
{[%clk 0:51:11]} f5 {[%clk 0:24:25]} 27. Bxc5 {[%clk 0:44:13]} Bxc5+
{[%clk 0:24:52]} 28. Kh1 {[%clk 0:44:25]} fxe4 {[%clk 0:25:09]} 29. fxe4
{[%clk 0:44:46]} Re8 {[%clk 0:23:36]} 30. Qg5 {[%clk 0:43:21]} Bxd5
{[%clk 0:23:35]} 31. Rxd5 {[%clk 0:42:56]} Bd4 {[%clk 0:24:02]} 32. Nxe5
{[%clk 0:35:17]} Bxe5 {[%clk 0:24:29]} 33. Rxe5 {[%clk 0:35:40]} Rxe5
{[%clk 0:24:46]} 34. Qxe5 {[%clk 0:36:06]} Rd8 {[%clk 0:25:01]} 35. h3
{[%clk 0:33:52]} Qc6 {[%clk 0:25:11]} 36. Rf1 {[%clk 0:32:56]} h6
{[%clk 0:24:13]} 37. Qe7 {[%clk 0:26:35]} Rd2 {[%clk 0:18:03]} 38. Qf8+
{[%clk 0:24:51]} Kh7 {[%clk 0:18:30]} 39. Qf5+ {[%clk 0:25:08]} Kh8
{[%clk 0:17:49]} 40. Qa5 {[%clk 0:23:30]} Rd6 {[%clk 0:13:49]} 41. Rf8+
{[%clk 0:23:08]} Kh7 {[%clk 0:14:18]} 42. Qf5+ {[%clk 0:23:31]} Rg6
{[%clk 0:14:42]} 43. Qc8 {[%clk 0:23:18]} 1-0

[Event "15th International Khazar Cup (Masters) 2017"]
[Site "Rasht,Guilan,Iran"]
[Date "2017.01.22"]
[Round "3"]
[Board "7"]
[White "Lorparizangeneh, Shahin"]
[Black "Feyli, Sina"]
[Result "1-0"]
[WhiteElo "2504"]
[BlackElo "2258"]
[PlyCount "0"]
[EventDate "2017.01.20"]
[EventRounds "9"]
[EventCountry "IRI"]

1. e4 {[%clk 1:21:19]} c5 {[%clk 1:30:39]} 2. Nf3 {[%clk 1:20:45]} d6
{[%clk 1:31:00]} 3. Bb5+ {[%clk 1:21:11]} Nd7 {[%clk 1:31:15]} 4. d4
{[%clk 1:21:30]} cxd4 {[%clk 1:31:09]} 5. Qxd4 {[%clk 1:21:50]} a6
{[%clk 1:31:21]} 6. Bxd7+ {[%clk 1:22:11]} Bxd7 {[%clk 1:31:44]} 7. c4
{[%clk 1:22:39]} e5 {[%clk 1:31:33]} 8. Qd3 {[%clk 1:19:08]} b5 {[%clk 1:31:57]}
9. Nc3 {[%clk 1:16:41]} bxc4 {[%clk 1:32:16]} 10. Qxc4 {[%clk 1:17:05]} h6
{[%clk 1:29:32]} 11. Nd5 {[%clk 1:11:23]} Ra7 {[%clk 1:27:50]} 12. Be3
{[%clk 1:09:11]} Bb5 13. Qc2 {[%clk 1:01:15]} Rb7 {[%clk 1:24:51]} 14. Rc1
{[%clk 1:01:29]} Be7 {[%clk 1:11:21]} 15. Nc7+ {[%clk 0:42:50]} Kf8
{[%clk 1:11:43]} 16. Nxb5 {[%clk 0:42:55]} Rxb5 {[%clk 1:10:12]} 17. Qc8
{[%clk 0:41:49]} Nf6 {[%clk 0:27:36]} 18. Qxa6 {[%clk 0:40:01]} Rb8
{[%clk 0:28:02]} 19. O-O {[%clk 0:39:09]} g6 {[%clk 0:19:25]} 20. Ba7
{[%clk 0:37:03]} Ra8 {[%clk 0:19:31]} 21. Qb7 {[%clk 0:37:11]} Kg7
{[%clk 0:09:21]} 22. Rc7 {[%clk 0:36:10]} Re8 {[%clk 0:09:42]} 23. Rfc1
{[%clk 0:34:13]} Ng8 {[%clk 0:03:00]} 24. b4 {[%clk 0:33:45]} Rf8
{[%clk 0:03:18]} 25. Rd7 {[%clk 0:28:51]} Qe8 {[%clk 0:03:34]} 26. Rcc7
{[%clk 0:28:07]} 1-0

[Event "15th International Khazar Cup (Masters) 2017"]
[Site "Rasht,Guilan,Iran"]
[Date "2017.01.22"]
[Round "3"]
[Board "8"]
[White "Rastbod, Ali"]
[Black "Bajarani, Ulvi"]
[Result "1/2-1/2"]
[WhiteElo "2262"]
[BlackElo "2486"]
[PlyCount "0"]
[EventDate "2017.01.20"]
[EventRounds "9"]
[EventCountry "IRI"]

1. c4 {[%clk 1:15:25]} c6 {[%clk 1:30:54]} 2. Nc3 {[%clk 1:15:44]} d5
{[%clk 1:31:18]} 3. cxd5 {[%clk 1:16:11]} cxd5 {[%clk 1:31:41]} 4. d4
{[%clk 1:16:37]} Nf6 {[%clk 1:31:55]} 5. Bf4 {[%clk 1:17:02]} Nc6
{[%clk 1:32:14]} 6. e3 {[%clk 1:17:31]} Bf5 {[%clk 1:32:22]} 7. Qb3
{[%clk 1:17:43]} Na5 {[%clk 1:32:25]} 8. Qa4+ {[%clk 1:18:10]} Bd7
{[%clk 1:32:42]} 9. Qc2 {[%clk 1:18:39]} e6 {[%clk 1:32:13]} 10. Bd3
{[%clk 1:19:05]} Be7 {[%clk 1:26:00]} 11. Nf3 {[%clk 1:17:36]} Nh5 12. Be5
{[%clk 1:02:59]} f5 {[%clk 1:09:12]} 13. h3 {[%clk 0:51:09]} Nc6 {[%clk 1:05:13]}
14. a3 {[%clk 0:42:55]} Qa5 {[%clk 0:52:47]} 15. O-O {[%clk 0:40:18]} O-O
{[%clk 0:51:20]} 16. b4 {[%clk 0:38:49]} Qd8 {[%clk 0:51:36]} 17. Bh2
{[%clk 0:39:14]} Nf6 {[%clk 0:51:26]} 18. Ne5 {[%clk 0:37:38]} Nxe5
{[%clk 0:50:06]} 19. Bxe5 {[%clk 0:37:57]} Rc8 {[%clk 0:50:10]} 20. f3
{[%clk 0:32:23]} Qb6 {[%clk 0:45:41]} 21. Qb3 {[%clk 0:28:07]} Bd6
{[%clk 0:43:47]} 22. Bxf6 {[%clk 0:16:14]} Rxf6 {[%clk 0:38:22]} 23. f4
{[%clk 0:15:52]} Rff8 {[%clk 0:36:22]} 24. Rac1 {[%clk 0:15:43]} a6
{[%clk 0:31:48]} 25. Na4 {[%clk 0:13:48]} Bxa4 {[%clk 0:32:09]} 26. Qxa4
{[%clk 0:13:54]} Rc7 {[%clk 0:32:24]} 27. Rc2 {[%clk 0:09:59]} g5
{[%clk 0:23:57]} 28. fxg5 {[%clk 0:03:05]} Rg7 {[%clk 0:24:15]} 29. Qa5
{[%clk 0:03:22]} Qxa5 {[%clk 0:23:01]} 30. bxa5 {[%clk 0:03:51]} Rxg5
{[%clk 0:21:52]} 31. a4 {[%clk 0:04:07]} Rg7 {[%clk 0:19:54]} 32. Rb1
{[%clk 0:02:13]} Rd7 {[%clk 0:14:20]} 33. Kh1 {[%clk 0:02:02]} h5
{[%clk 0:14:08]} 34. Be2 {[%clk 0:02:31]} h4 {[%clk 0:14:28]} 35. Bh5
{[%clk 0:01:53]} Kg7 {[%clk 0:14:15]} 36. Rb3 {[%clk 0:01:33]} Kh6
{[%clk 0:14:01]} 37. Bf3 {[%clk 0:02:02]} Kg5 {[%clk 0:13:50]} 38. Kg1
{[%clk 0:02:31]} Kf6 {[%clk 0:12:12]} 39. Kf1 {[%clk 0:03:00]} Rb8
{[%clk 0:10:14]} 40. Ke2 {[%clk 0:02:30]} Rc7 {[%clk 0:09:09]} 41. Rcb2
{[%clk 0:02:34]} Ke7 {[%clk 0:07:46]} 42. Rb6 {[%clk 0:02:30]} Rc4
{[%clk 0:06:14]} 43. Rxb7+ {[%clk 0:02:56]} Rxb7 {[%clk 0:06:40]} 44. Rxb7+
{[%clk 0:03:25]} Bc7 {[%clk 0:06:37]} 45. Ra7 {[%clk 0:03:29]} Kd7
{[%clk 0:06:43]} 46. Rxa6 {[%clk 0:03:44]} Rxa4 {[%clk 0:07:06]} 47. Ra8
{[%clk 0:03:51]} Ra2+ {[%clk 0:06:22]} 48. Kf1 {[%clk 0:03:48]} Rxa5 1/2-1/2